000
00299nam a22001337a 4500
008
170912b xxu||||| |||| 00| 0 eng d
020
_a
9780072876581
041
_a
eng
080
_2
3RD
_a
53
100
_a
43
101
_a
FIZ
245
_a
CONTEMPORARY COLLEGE PHYSICS
_c
JONES,E
942
_2
udc
_c
BK
999
_c
27341
_d
27341